000 00240nam a22001097a 4500
082 _a340
100 _aGarg,Sandeep
_983356
245 _aFAMILY Laws
260 _aDelhi
_bCommercial Law Publishers
_c2025
650 _aLAW
942 _cC. BOOKS
999 _c68230
_d68230